[Event "10th European Teams w"]
[Site "Warsaw POL"]
[Date "2013.11.17"]
[Round "9.2"]
[White "Batkovskyte, Dominyka"]
[Black "Szczepkowska-Horowska, Karina"]
[Result "0-1"]
[BlackTitle "WGM"]
[WhiteElo "2111"]
[BlackElo "2382"]
[WhiteTeam "Lithuania"]
[BlackTeam "Poland"]
[WhiteFideId "12803243"]
[BlackFideId "1122681"]
[EventDate "2013.11.08"]

1. d4 Nf6 2. c4 g6 3. Nc3 Bg7 4. Bg5 h6 5. Bh4 c5 6. e3 cxd4 7. exd4 O-O 8. Be2
d6 9. h3 Nc6 10. Qd2 Bf5 11. Bxf6 Bxf6 12. Nf3 Bg7 13. O-O e5 14. d5 Ne7 15.
Rfd1 g5 16. Rac1 Ng6 17. Bf1 g4 18. hxg4 Bxg4 19. Qe3 f5 20. c5 dxc5 21. Qxc5
Bxf3 22. gxf3 Qg5+ 23. Kh1 Qh5+ 24. Kg1 Nf4 25. Ne2 Nxe2+ 26. Bxe2 Rf6 27. Bc4
Qh3 28. d6+ Kh7 29. Bf7 Rxf7 30. Rc3 Bf6 31. f4 Qg4+ 0-1

[Event "10th European Teams w"]
[Site "Warsaw POL"]
[Date "2013.11.17"]
[Round "9.3"]
[White "Hoang, Thanh Trang"]
[Black "Danielian, Elina"]
[Result "1-0"]
[WhiteTitle "GM"]
[BlackTitle "GM"]
[WhiteElo "2511"]
[BlackElo "2457"]
[WhiteTeam "Hungary"]
[BlackTeam "Armenia"]
[WhiteFideId "12400149"]
[BlackFideId "13300210"]
[EventDate "2013.11.08"]

1. d4 Nf6 2. c4 e6 3. Nc3 Bb4 4. Qc2 O-O 5. a3 Bxc3+ 6. Qxc3 d5 7. Nf3 dxc4 8.
Qxc4 b6 9. Bg5 Ba6 10. Qa4 h6 11. Bh4 c5 12. dxc5 bxc5 13. Rc1 Qb6 14. Bxf6 gxf6
15. Rc2 Rd8 16. e3 Bxf1 17. Rxf1 Nd7 18. Ke2 Qc7 19. Rfc1 a5 20. Qg4+ Kh7 21. b4
axb4 22. axb4 f5 23. Qh4 Nf8 24. Rxc5 Qd7 25. Qc4 Ng6 26. Rc7 Qe8 27. h4 Rd5 28.
Kf1 Rb8 29. h5 Ne7 30. Nd4 Rb6 31. Ra1 Rd7 32. b5 Rxc7 33. Qxc7 Nd5 34. Qc5 Qb8
35. Kg1 Rb7 36. Ra5 Rc7 37. Nc6 Qg8 38. Qd4 Rb7 39. Ne5 Qg5 40. Ra7 Rxb5 41.
Rxf7+ Kg8 42. Qa1 Rb8 43. Nf3 Qg4 44. Ra7 Rc8 45. Qb2 e5 46. Ra1 Nc3 47. Qb3+
Kh8 48. Qe6 Qg8 49. Qxh6+ Qh7 50. Qf6+ Qg7 51. Qxf5 Re8 52. Ra6 e4 53. Nh4 Ne2+
54. Kh2 Nc1 55. g3 Nd3 56. Rg6 Qf8 57. Rf6 Qg7 58. Ng6+ Kg8 59. Qd5+ 1-0

[Event "10th European Teams w"]
[Site "Warsaw POL"]
[Date "2013.11.17"]
[Round "9.3"]
[White "Mkrtchian, Lilit"]
[Black "Gara, Anita"]
[Result "1-0"]
[WhiteTitle "IM"]
[BlackTitle "IM"]
[WhiteElo "2447"]
[BlackElo "2311"]
[WhiteTeam "Armenia"]
[BlackTeam "Hungary"]
[WhiteFideId "13300601"]
[BlackFideId "709751"]
[EventDate "2013.11.08"]

1. d4 d5 2. c4 e6 3. Nc3 c5 4. cxd5 exd5 5. Nf3 Nc6 6. dxc5 d4 7. Na4 b5 8. cxb6
axb6 9. e3 Ba6 10. Bxa6 Rxa6 11. exd4 Qe7+ 12. Kf1 Nf6 13. Bg5 Qe6 14. Bxf6 Qc4+
15. Kg1 gxf6 16. b3 Qb5 17. Nc3 Qa5 18. Ne4 Be7 19. d5 Ne5 20. Nxe5 fxe5 21. d6
Bd8 22. d7+ Kf8 23. Qd6+ Kg7 24. h4 Qa3 25. Qxe5+ f6 26. Qd4 Qe7 27. Rh3 Ra7 28.
Rg3+ Kf8 29. Nxf6 1-0

[Event "10th European Teams w"]
[Site "Warsaw POL"]
[Date "2013.11.17"]
[Round "9.4"]
[White "Dzagnidze, Nana"]
[Black "Schut, Lisa"]
[Result "1-0"]
[WhiteTitle "GM"]
[BlackTitle "WIM"]
[WhiteElo "2556"]
[BlackElo "2333"]
[WhiteTeam "Georgia"]
[BlackTeam "Netherlands"]
[WhiteFideId "13601903"]
[BlackFideId "1019481"]
[EventDate "2013.11.08"]

1. Nf3 Nf6 2. c4 g6 3. b3 Bg7 4. Bb2 d5 5. cxd5 Qxd5 6. Nc3 Qa5 7. a3 O-O 8. b4
Qh5 9. e3 a5 10. b5 c5 11. Be2 b6 12. Na4 Nd5 13. Bxg7 Kxg7 14. d4 f6 15. dxc5
bxc5 16. Rc1 Nd7 17. g4 Qxg4 18. Qxd5 Rb8 19. Nxc5 Nxc5 20. Qxc5 Bb7 21. Rg1 Qe6
22. Nd4 1-0

[Event "10th European Teams w"]
[Site "Warsaw POL"]
[Date "2013.11.17"]
[Round "9.4"]
[White "Peng, Zhaoqin"]
[Black "Arabidze, Meri"]
[Result "0-1"]
[WhiteTitle "GM"]
[BlackTitle "WGM"]
[WhiteElo "2378"]
[BlackElo "2374"]
[WhiteTeam "Netherlands"]
[BlackTeam "Georgia"]
[WhiteFideId "1004786"]
[BlackFideId "13604040"]
[EventDate "2013.11.08"]

1. d4 Nf6 2. c4 e6 3. Nf3 b6 4. g3 Ba6 5. b3 Bb4+ 6. Bd2 Be7 7. Bg2 c6 8. O-O d5
9. Qc2 Nbd7 10. Rd1 O-O 11. Bf4 Rc8 12. Nc3 Re8 13. e4 dxc4 14. Nd2 b5 15. bxc4
bxc4 16. Na4 c5 17. d5 exd5 18. exd5 Nh5 19. Be3 Ne5 20. Ne4 Nd3 21. d6 Bxd6 22.
Nxd6 Qxd6 23. Bxc5 Qc7 24. Bd4 Bb7 25. f3 Qa5 26. Rab1 Ba8 27. Nc3 Nf6 28. Qd2
Rcd8 29. Nb5 Re1+ 30. Qxe1 Nxe1 31. Rxe1 Qxa2 32. Nc3 Qa6 33. Ra1 Qc6 34. Bxa7
h6 35. Bf2 Bb7 36. Rab1 Rd2 37. Re7 Rd7 38. Ree1 Rd3 39. Re7 Rxc3 40. Rexb7 Rc2
41. Rb8+ Kh7 42. Rd1 Qa4 43. Rf1 Qd7 44. f4 Qd2 45. Rbb1 c3 46. h3 Rb2 47. Rbd1
Qe2 48. Rde1 Qc4 49. Re5 c2 50. Rc5 Qe2 51. g4 Rb1 52. g5 Ne4 0-1

[Event "10th European Teams w"]
[Site "Warsaw POL"]
[Date "2013.11.17"]
[Round "9.4"]
[White "Khurtsidze, Nino"]
[Black "Lanchava, Tea"]
[Result "1-0"]
[WhiteTitle "IM"]
[BlackTitle "IM"]
[WhiteElo "2462"]
[BlackElo "2289"]
[WhiteTeam "Georgia"]
[BlackTeam "Netherlands"]
[WhiteFideId "13600320"]
[BlackFideId "1005308"]
[EventDate "2013.11.08"]

1. d4 d6 2. Nf3 f5 3. g3 Nf6 4. Bg2 g6 5. b3 Bg7 6. Bb2 O-O 7. O-O c6 8. c4 Na6
9. Nc3 Qe8 10. d5 Bd7 11. Qd2 Rb8 12. Rfe1 cxd5 13. Nxd5 Ne4 14. Qc1 e5 15. Nd2
Nec5 16. Nf1 b5 17. cxb5 Bxb5 18. Nfe3 Rc8 19. Qd2 Qd7 20. Nc3 f4 21. Nc4 Bxc4
22. bxc4 Kh8 23. Nb5 Na4 24. Rad1 Nxb2 25. Qxb2 fxg3 26. hxg3 Rxc4 27. Rxd6 Qf7
28. Rf1 e4 29. Qa3 Nb4 30. Rd2 Nc2 31. Qb3 Na1 32. Qa3 Nc2 33. Qxa7 Qxa7 34.
Nxa7 Bd4 35. Nb5 e3 36. Rxc2 exf2+ 37. Kh2 Rxc2 38. Nxd4 Rd2 39. Ne6 Rf6 40. Nf4
g5 41. Nh5 Rh6 42. Bf3 g4 43. Bxg4 Rd5 44. Kg2 Rhxh5 45. Bxh5 Rxh5 46. a4 Ra5
47. Ra1 Rf5 48. Kf1 Ra5 49. Kxf2 Kg7 50. Ke3 h5 51. Kd4 Kf6 52. Kc4 Ke6 53. Kb4
Rg5 54. a5 Rg4+ 55. Kc5 Rxg3 56. a6 Rc3+ 57. Kd4 Rc8 58. a7 Ra8 59. Kc5 h4 60.
Kb6 1-0

[Event "10th European Teams w"]
[Site "Warsaw POL"]
[Date "2013.11.17"]
[Round "9.4"]
[White "Van Weersel, Arlette"]
[Black "Khotenashvili, Bela"]
[Result "0-1"]
[WhiteTitle "WIM"]
[BlackTitle "IM"]
[WhiteElo "2180"]
[BlackElo "2524"]
[WhiteTeam "Netherlands"]
[BlackTeam "Georgia"]
[WhiteFideId "1009877"]
[BlackFideId "13602640"]
[EventDate "2013.11.08"]

1. e4 e5 2. Nf3 Nc6 3. Bc4 Nf6 4. d3 Be7 5. c3 O-O 6. Bb3 d6 7. Nbd2 Na5 8. Bc2
c5 9. Nf1 Nc6 10. Ng3 Re8 11. O-O h6 12. h3 Be6 13. d4 cxd4 14. cxd4 Bc4 15. Re1
Rc8 16. Be3 Bf8 17. a3 exd4 18. Nxd4 a6 19. b3 Nxd4 20. Bxd4 Be6 21. Qd3 g6 22.
Rad1 Qc7 23. Bb1 Nd7 24. Qe3 Qa5 25. b4 Qa4 26. Nh5 Bb3 27. Qf4 gxh5 28. Rd3 Re6
29. Qf5 Ne5 30. Rg3+ Ng6 31. Qxh5 Qxa3 32. e5 Qxb4 33. Bxg6 Qxe1+ 34. Kh2 fxg6
35. Rxg6+ Kh7 36. Rg3 Bg7 37. Qf7 Rg8 38. exd6 Rf6 39. Qxb7 Rg6 40. Rxb3 Qe6 41.
Rb6 Rd8 42. Bxg7 Rxg7 43. Qxa6 Qe5+ 44. g3 Qd4 45. d7 Qxf2+ 46. Kh1 Qe1+ 47. Kh2
Qxg3+ 48. Kh1 Qxh3# 0-1

[Event "10th European Teams w"]
[Site "Warsaw POL"]
[Date "2013.11.17"]
[Round "9.5"]
[White "Paehtz, Elisabeth"]
[Black "Bulmaga, Irina"]
[Result "1-0"]
[WhiteTitle "IM"]
[BlackTitle "IM"]
[WhiteElo "2449"]
[BlackElo "2399"]
[WhiteTeam "Germany"]
[BlackTeam "Romania"]
[WhiteFideId "4641833"]
[BlackFideId "13903063"]
[EventDate "2013.11.08"]

1. Nf3 Nf6 2. c4 c5 3. Nc3 Nc6 4. d4 cxd4 5. Nxd4 e6 6. g3 Bc5 7. Nb3 Bb4 8. Bg2
O-O 9. O-O a6 10. e4 Ne5 11. c5 d6 12. f4 Nc6 13. cxd6 e5 14. Nd5 Qxd6 15. a3
Bc5+ 16. Nxc5 Qxc5+ 17. Be3 Qd6 18. Rc1 Nd7 19. Bh3 exf4 20. gxf4 Qg6+ 21. Bg2
Kh8 22. e5 Ndxe5 23. fxe5 Nxe5 24. Ne7 Qe6 25. Nxc8 Raxc8 26. Qd5 Rxc1 27. Rxc1
Qxd5 28. Bxd5 h6 29. Bxb7 f5 30. Rc8 Rxc8 31. Bxc8 Nc4 32. Bd4 Nd2 33. Bc3 1-0

[Event "10th European Teams w"]
[Site "Warsaw POL"]
[Date "2013.11.17"]
[Round "9.5"]
[White "L'Ami, Alina"]
[Black "Schleining, Zoya"]
[Result "1/2-1/2"]
[WhiteTitle "WGM"]
[BlackTitle "WGM"]
[WhiteElo "2361"]
[BlackElo "2379"]
[WhiteTeam "Romania"]
[BlackTeam "Germany"]
[WhiteFideId "1210246"]
[BlackFideId "4671660"]
[EventDate "2013.11.08"]

1. d4 d5 2. c4 c6 3. Nf3 Nf6 4. Nc3 a6 5. e3 b5 6. b3 Bf5 7. Be2 e6 8. O-O h6 9.
Ne5 Bd6 10. f3 O-O 11. Qe1 bxc4 12. bxc4 c5 13. Na4 cxd4 14. exd4 dxc4 15. Bxc4
Qc7 16. Bb3 Nc6 17. Bb2 Ne7 18. Rc1 Qa7 19. Nc5 Nfd5 20. Kh1 Bxe5 21. dxe5 Bg6
22. Bd4 Qb6 23. Bf2 Qb4 24. Qxb4 Nxb4 25. Rfd1 Nbd5 26. Bc4 Rfc8 27. a4 a5 28.
Nb7 Rcb8 29. Nd6 Nb4 30. Bb5 Ned5 31. Rc5 Bc2 32. Rd2 Bg6 33. g3 Rd8 34. Kg2 Kh7
35. f4 Rab8 36. Bd4 Kg8 37. h3 Ra8 38. Kh2 Kf8 39. Rc1 Kg8 40. Nb7 Rdb8 41. Nd6
Rd8 42. Be2 Rd7 43. Bf3 Rdd8 44. Rc5 Bb1 45. f5 Bxf5 46. Bxd5 Nxd5 47. Rxd5 exd5
48. Nxf5 Rdb8 49. Ne7+ Kh7 50. Nxd5 Rb3 51. Bb6 Ra6 52. Bf2 Ra3 53. Nb6 Rb3 54.
Rd6 Ra7 55. Rd7 Rxd7 56. Nxd7 Ra3 57. Nc5 Ra2 58. Kg2 Re2 59. Kf3 Rxe5 60. Bd4
Re1 61. Be3 f5 62. Bd2 Re5 63. Nd3 Rd5 64. Ke3 g5 65. Bc3 Kg8 66. Ne5 Kh7 67.
Bd4 Rd8 68. Nc6 Rc8 69. Ne5 Rc2 70. Nd3 Ra2 71. Nc5 Ra3+ 72. Kf2 Kg6 73. Be3
Ra2+ 74. Kf3 Ra3 75. Ke2 Ra2+ 76. Bd2 Rc2 77. Nd3 Ra2 78. Nc5 Rc2 79. Nd7 Ra2
80. Ne5+ Kh7 81. Nc4 Rxa4 82. Nxa5 Ra3 83. Kf2 Ra2 84. Ke2 Ra3 1/2-1/2

[Event "10th European Teams w"]
[Site "Warsaw POL"]
[Date "2013.11.17"]
[Round "9.5"]
[White "Kachiani-Gersinska, Ketino"]
[Black "Foisor, Cristina-Adela"]
[Result "1/2-1/2"]
[WhiteTitle "IM"]
[BlackTitle "IM"]
[WhiteElo "2365"]
[BlackElo "2347"]
[WhiteTeam "Germany"]
[BlackTeam "Romania"]
[WhiteFideId "4623614"]
[BlackFideId "1200496"]
[EventDate "2013.11.08"]

1. d4 d5 2. Nf3 c6 3. c4 e6 4. Nc3 f5 5. Bf4 Nf6 6. h3 Ne4 7. e3 Bb4 8. Rc1 O-O
9. Bd3 Nd7 10. Qb3 Ba5 11. g4 Ndf6 12. Ke2 dxc4 13. Qxc4 Nd5 14. Be5 Ndxc3+ 15.
bxc3 Qd5 16. gxf5 Rxf5 17. Qxd5 exd5 18. Rhg1 g6 19. Bxe4 dxe4 20. Ng5 Bd8 21.
Nxe4 Rh5 22. Nf6+ Bxf6 23. Bxf6 Ra5 24. Rc2 Bxh3 25. e4 Rf8 26. Be5 Be6 27. Ke3
Rxa2 28. Rxa2 Bxa2 29. f4 Bc4 30. f5 Kf7 31. fxg6+ hxg6 32. Rh1 Ke6 33. Rh6 Rg8
34. Rh7 Ba6 35. Rh6 Bc4 36. Rh7 Ba6 37. Rh6 Bc4 38. Rh7 Ba6 39. Rh6 Bc4 40. Rh7
Ba6 41. Rh6 1/2-1/2

[Event "10th European Teams w"]
[Site "Warsaw POL"]
[Date "2013.11.17"]
[Round "9.5"]
[White "Cosma, Elena-Luminita"]
[Black "Melamed, Tatjana"]
[Result "1/2-1/2"]
[WhiteTitle "WGM"]
[BlackTitle "WGM"]
[WhiteElo "2326"]
[BlackElo "2367"]
[WhiteTeam "Romania"]
[BlackTeam "Germany"]
[WhiteFideId "1201590"]
[BlackFideId "14102145"]
[EventDate "2013.11.08"]

1. d4 Nf6 2. Nf3 g6 3. Nbd2 Bg7 4. e4 d6 5. c3 O-O 6. Bd3 c5 7. O-O cxd4 8. cxd4
Nc6 9. h3 Bd7 10. a3 Rc8 11. b4 e5 12. d5 Ne7 13. Bb2 Nh5 14. Re1 Nf4 15. Bf1 g5
16. Nxg5 Nexd5 17. Ngf3 Nc3 18. Bxc3 Rxc3 19. Rc1 Qc7 20. Rxc3 Qxc3 21. Nc4 Bh6
22. Re3 Nxh3+ 23. gxh3 Bxe3 24. Nxe3 Bc6 25. Qxd6 Bxe4 26. Qxe5 Qxe5 27. Nxe5
Kg7 28. Bg2 Bxg2 29. Kxg2 Rc8 30. N5c4 Rc6 31. b5 Rg6+ 32. Kf3 Rf6+ 33. Ke2 Kf8
34. a4 Rh6 35. Na5 Rh4 36. Nxb7 Rxa4 37. Nd6 Ke7 38. Ndc4 Ke6 39. b6 axb6 40.
Nxb6 Rh4 41. Nbd5 Ke5 42. f4+ Ke6 43. Kf3 Rxh3+ 44. Ke4 Rh1 45. f5+ Kd6 46. Nf6
h5 47. Kf4 h4 48. Ne4+ Kd7 49. Nf2 Rg1 50. Neg4 Ra1 51. Kg5 Ra5 52. Nh6 Ke7 53.
Kxh4 Kf6 54. Ne4+ Kg7 55. Kg5 f6+ 56. Nxf6 Rxf5+ 57. Nxf5+ Kf7 58. Nd4 Ke7 59.
Ne4 Kf7 60. Kf5 Ke7 1/2-1/2

[Event "10th European Teams w"]
[Site "Warsaw POL"]
[Date "2013.11.17"]
[Round "9.6"]
[White "Vega Gutierrez, Sabrina"]
[Black "Newrkla, Katharina"]
[Result "1-0"]
[WhiteTitle "IM"]
[BlackTitle "WFM"]
[WhiteElo "2385"]
[BlackElo "2173"]
[WhiteTeam "Spain"]
[BlackTeam "Austria"]
[WhiteFideId "2219026"]
[BlackFideId "1621629"]
[EventDate "2013.11.08"]

1. e4 c5 2. Nf3 d6 3. d4 cxd4 4. Nxd4 Nf6 5. Nc3 g6 6. Be2 Bg7 7. O-O Nc6 8. Nb3
O-O 9. Bg5 h6 10. Bh4 Bd7 11. Qd2 Kh7 12. f4 Rc8 13. Rad1 Be6 14. Kh1 a6 15. Bf3
Na5 16. e5 Nxb3 17. axb3 dxe5 18. fxe5 Qxd2 19. Rxd2 Ng4 20. Bxb7 Rcd8 21. Rfd1
Rxd2 22. Rxd2 g5 23. Bg3 a5 24. Bd5 h5 25. Ne4 Kg6 26. h3 h4 27. Be1 Ne3 28.
Bxe6 fxe6 29. Bf2 Nd5 30. Nc5 Kf5 31. Bd4 Nf4 32. c3 Rd8 33. Nb7 Rd5 34. c4 Rd7
35. Nxa5 Bxe5 36. Nc6 Bxd4 37. Nxd4+ Ke4 38. Nf3 Rxd2 39. Nxd2+ Kd3 40. Nf3 Kc2
41. b4 Kb3 42. b5 Nd3 43. b6 Nc5 44. Nd2+ Kxb2 45. Ne4 Nd7 46. b7 Nb8 47. c5 Kb3
48. Nxg5 Kc4 49. g3 Kxc5 50. gxh4 Kd5 51. h5 Ke5 52. h6 Kf6 53. h7 Kg7 54. Kg2
e5 55. Kf3 e6 56. Ke4 Nc6 57. h4 Kh8 58. h5 Kg7 59. h6+ Kh8 60. Kf3 Nb8 61. Kg4
Nc6 62. Kh5 e4 63. b8=Q+ Nxb8 64. Kg6 1-0

[Event "10th European Teams w"]
[Site "Warsaw POL"]
[Date "2013.11.17"]
[Round "9.6"]
[White "Kopinits, Anna-Christina"]
[Black "Matnadze, Ana"]
[Result "0-1"]
[WhiteTitle "WIM"]
[BlackTitle "IM"]
[WhiteElo "2263"]
[BlackElo "2373"]
[WhiteTeam "Austria"]
[BlackTeam "Spain"]
[WhiteFideId "1614142"]
[BlackFideId "13601377"]
[EventDate "2013.11.08"]

1. e4 c6 2. d4 g6 3. Nc3 d5 4. h3 Bg7 5. Nf3 Nh6 6. exd5 cxd5 7. Bb5+ Bd7 8. Qe2
Bc6 9. Bg5 f6 10. Bf4 Nf7 11. O-O-O O-O 12. Qe6 Qd7 13. Qxd7 Nxd7 14. Ba4 e5 15.
dxe5 fxe5 16. Bg3 Nc5 17. Bxc6 bxc6 18. Rhe1 Rfe8 19. Nb1 Rab8 20. Nfd2 Nd6 21.
f3 Rb7 22. Re2 e4 23. b3 Nf5 24. Bf4 Ne6 25. fxe4 Nxf4 26. Rf2 Ng3 27. Re1 Rf7
28. e5 Nd3+ 0-1

[Event "10th European Teams w"]
[Site "Warsaw POL"]
[Date "2013.11.17"]
[Round "9.6"]
[White "Nicolas Zapata, Irene"]
[Black "Schnegg, Anna-Lena"]
[Result "1-0"]
[WhiteTitle "WIM"]
[BlackTitle "WC"]
[WhiteElo "2241"]
[BlackElo "2076"]
[WhiteTeam "Spain"]
[BlackTeam "Austria"]
[WhiteFideId "22247270"]
[BlackFideId "1625268"]
[EventDate "2013.11.08"]

1. c4 c5 2. g3 Nf6 3. Bg2 d5 4. cxd5 Nxd5 5. Nc3 Nc7 6. Nf3 Nc6 7. O-O e5 8. a3
Bd7 9. e3 Ne6 10. Nd5 Be7 11. Nxe7 Qxe7 12. b4 e4 13. Ne1 Ng5 14. f4 exf3 15.
Nxf3 Nxf3+ 16. Qxf3 O-O 17. Bb2 Rab8 18. bxc5 Qxc5 19. Rac1 Qd6 20. d4 f5 21.
Qf4 Qxf4 22. gxf4 Rfc8 23. Rc5 Ne7 24. Rfc1 Rxc5 25. Rxc5 Rc8 26. Bxb7 Rb8 27.
Rc7 Bc8 28. Bxc8 Nxc8 29. Bc3 Nb6 30. Kf2 Nd5 31. Rc5 Nxc3 32. Rxc3 Rb7 33. h4
g6 34. Ke2 Kg7 35. Kd3 Re7 36. d5 Rd7 37. Kd4 Kf6 38. Rc6+ Ke7 39. Ke5 Rb7 40.
Re6+ Kf7 41. Rf6+ Ke8 42. Re6+ Kf7 43. Ra6 Ke7 44. h5 Kf7 45. h6 Ke7 46. Rc6 Kd7
47. Rf6 Ke8 48. Ra6 Ke7 49. a4 Kd7 50. Kf6 Kd8 51. Re6 Rc7 52. Rc6 Rd7 53. d6 1-0

[Event "10th European Teams w"]
[Site "Warsaw POL"]
[Date "2013.11.17"]
[Round "9.7"]
[White "Kadziolka, Beata"]
[Black "Raeva, Elitsa"]
[Result "1/2-1/2"]
[WhiteTitle "WGM"]
[BlackTitle "WIM"]
[WhiteElo "2327"]
[BlackElo "2361"]
[WhiteTeam "Poland III"]
[BlackTeam "Bulgaria"]
[WhiteFideId "1119990"]
[BlackFideId "2906660"]
[EventDate "2013.11.08"]

1. Nf3 Nf6 2. c4 c5 3. d4 cxd4 4. Nxd4 g6 5. Nc3 Bg7 6. e4 O-O 7. Be3 Nc6 8. Be2
d6 9. O-O Bd7 10. Qd2 Nxd4 11. Bxd4 Bc6 12. f3 Nd7 13. Be3 Nc5 14. Rab1 a5 15.
b3 Qb6 16. Rfc1 Rfc8 17. Rc2 h5 18. Bf1 Kh7 19. Kh1 Qd8 20. Bg5 Qf8 21. Nd5 Bxd5
22. exd5 e5 23. dxe6 fxe6 24. Re1 e5 25. Be3 Rd8 26. Bd3 Bh6 27. Be4 Bxe3 28.
Qxe3 Qh6 29. Qc3 Qf4 30. Qe3 Qxe3 31. Rxe3 Rab8 32. Bd5 b5 33. cxb5 Rxb5 34. Bc4
Rb4 35. Rd2 Kh6 36. Rxe5 a4 37. h4 axb3 38. axb3 Nxb3 39. Bxb3 dxe5 40. Rxd8
Rxb3 41. Rd5 Rb4 42. Rxe5 1/2-1/2

[Event "10th European Teams w"]
[Site "Warsaw POL"]
[Date "2013.11.17"]
[Round "9.7"]
[White "Videnova, Iva"]
[Black "Bartel, Marta"]
[Result "0-1"]
[WhiteTitle "WGM"]
[BlackTitle "WGM"]
[WhiteElo "2272"]
[BlackElo "2308"]
[WhiteTeam "Bulgaria"]
[BlackTeam "Poland III"]
[WhiteFideId "2907763"]
[BlackFideId "1123009"]
[EventDate "2013.11.08"]

1. e4 g6 2. d4 Bg7 3. Nc3 c6 4. f4 d5 5. e5 Qb6 6. a3 Nh6 7. Be2 f6 8. Be3 O-O
9. Na4 Qc7 10. Nf3 b6 11. h3 Na6 12. b4 b5 13. Nc5 Nxc5 14. bxc5 Bf5 15. g4 Be4
16. O-O Nf7 17. Nd2 fxe5 18. fxe5 Nxe5 19. Nxe4 dxe4 20. Kg2 Rxf1 21. Qxf1 Rf8
22. Bf4 g5 23. Bxe5 Rxf1 24. Bxc7 Rxa1 25. d5 Rc1 26. c4 Kf7 27. dxc6 Rc2 28.
Kf1 bxc4 29. Bf4 Ke8 30. Bd1 Rb2 31. Ba4 Kd8 32. Bxg5 Be5 33. Ke1 Ra2 34. h4
Rxa3 35. Bc2 Ra1+ 36. Ke2 a5 37. Bxe4 a4 38. Bxh7 a3 39. Bg8 a2 40. Bxc4 Re1+
41. Kxe1 a1=Q+ 0-1

[Event "10th European Teams w"]
[Site "Warsaw POL"]
[Date "2013.11.17"]
[Round "9.8"]
[White "Mammadova, Gulnar"]
[Black "Havlikova, Kristyna"]
[Result "1/2-1/2"]
[WhiteTitle "WGM"]
[BlackTitle "WIM"]
[WhiteElo "2354"]
[BlackElo "2237"]
[WhiteTeam "Azerbaijan"]
[BlackTeam "Czech Republic"]
[WhiteFideId "13403508"]
[BlackFideId "309672"]
[EventDate "2013.11.08"]

1. e4 c5 2. Nf3 e6 3. b3 Nc6 4. Bb2 Nf6 5. e5 Nd5 6. g3 Be7 7. Bg2 O-O 8. O-O d6
9. a3 dxe5 10. Nxe5 Nxe5 11. Bxe5 Bf6 12. Qe2 Bxe5 13. Qxe5 Qf6 14. Qxf6 Nxf6
15. Nc3 Rb8 16. Rfe1 Rd8 17. Rad1 a6 18. b4 cxb4 19. axb4 Bd7 20. Re5 Rdc8 21.
Rc5 Kf8 22. Rxc8+ Bxc8 23. b5 axb5 24. Rb1 Bd7 25. Nxb5 Bc6 26. Nd6 Bxg2 27.
Kxg2 b6 28. d4 Nd7 29. Ra1 Ke7 30. Nb5 Rb7 31. Kf3 Nf6 32. Ra8 Nd5 33. Rg8 g6
34. Rc8 h5 35. c4 Nf6 36. h3 Nd7 37. Ra8 Nb8 38. Ke4 Nc6 39. f3 Rb8 40. Ra6 Kd7
41. g4 hxg4 42. fxg4 f6 43. d5 exd5+ 44. cxd5 Re8+ 45. Kf3 Ne5+ 46. Kg3 Nc4 47.
Ra7+ Kd8 48. Ra8+ Kd7 49. Ra7+ Kd8 50. Ra8+ Kd7 51. Ra7+ 1/2-1/2

[Event "10th European Teams w"]
[Site "Warsaw POL"]
[Date "2013.11.17"]
[Round "9.8"]
[White "Olsarova, Karolina"]
[Black "Mamedjarova, Zeinab"]
[Result "1/2-1/2"]
[WhiteTitle "WIM"]
[BlackTitle "WGM"]
[WhiteElo "2275"]
[BlackElo "2236"]
[WhiteTeam "Czech Republic"]
[BlackTeam "Azerbaijan"]
[WhiteFideId "320242"]
[BlackFideId "13401521"]
[EventDate "2013.11.08"]

1. e4 e5 2. Nf3 d6 3. d4 Nd7 4. Nc3 c6 5. g3 Ngf6 6. Bg2 Be7 7. O-O O-O 8. a4 a5
9. Re1 Re8 10. h3 Bf8 11. b3 Qc7 12. Bb2 exd4 13. Nxd4 Nc5 14. Kh2 g6 15. Qd2
Bd7 16. Rad1 Rad8 17. f4 Bg7 18. Re3 h5 19. Ba1 Bc8 20. Kh1 Qb6 21. Qe1 Re7 22.
Nf3 Rde8 23. Ng5 d5 24. e5 Bf5 25. Re2 Nh7 26. Nxh7 Kxh7 27. Qf2 f6 28. exf6
Bxf6 29. Rxe7+ Bxe7 30. Re1 Nd7 31. Qxb6 Nxb6 32. Re2 Kg8 33. Nd1 Kf7 34. Bd4
Nd7 35. Nf2 Bc5 36. Be5 Bd4 37. g4 hxg4 38. hxg4 Nxe5 39. gxf5 Rh8+ 40. Bh3 Bxf2
41. Kg2 Nf3 42. fxg6+ Kxg6 43. Rxf2 Nd4 44. Rd2 Nf5 45. Re2 Rg8 46. Bxf5+ Kxf5+
47. Kf3 Rg1 48. Re5+ Kf6 49. Re2 Rc1 50. Rh2 Ke6 51. Rh6+ Kd7 52. Rh2 Kd6 53.
Ke3 Rf1 54. Rh7 b6 55. Rf7 Kc5 56. Kd3 Rf3+ 57. Ke2 Rh3 58. Rf6 b5 59. axb5 cxb5
60. Ra6 Kb4 61. f5 Rc3 62. Kd2 Rf3 63. f6 d4 64. Ke2 Rc3 65. Kd2 Rh3 66. f7 Rf3
67. Ra7 a4 68. bxa4 bxa4 69. Ke2 Rf4 70. Kd2 Rf3 71. Ke2 Rf5 72. Kd3 Rf4 73. Kd2
Kc5 74. Ra5+ Kb4 1/2-1/2

[Event "10th European Teams w"]
[Site "Warsaw POL"]
[Date "2013.11.17"]
[Round "9.8"]
[White "Mamedjarova, Turkan"]
[Black "Olsarova, Tereza"]
[Result "1/2-1/2"]
[WhiteTitle "WGM"]
[BlackTitle "WIM"]
[WhiteElo "2250"]
[BlackElo "2248"]
[WhiteTeam "Azerbaijan"]
[BlackTeam "Czech Republic"]
[WhiteFideId "13402005"]
[BlackFideId "325449"]
[EventDate "2013.11.08"]

1. e4 e5 2. Nf3 Nc6 3. Bb5 a6 4. Ba4 Nf6 5. O-O Nxe4 6. d4 b5 7. Bb3 d5 8. dxe5
Be6 9. Nbd2 Nc5 10. c3 Be7 11. Bc2 d4 12. cxd4 Nxd4 13. Nxd4 Qxd4 14. Nf3 Qg4
15. Nd4 Qxd1 16. Rxd1 Bg4 17. f3 Bd7 18. Be3 O-O-O 19. Rac1 Rhe8 20. Nf5 Bxf5
21. Bxf5+ Ne6 22. Rxd8+ Bxd8 23. Rc6 g6 24. Bd3 Bg5 25. Bxg5 Nxg5 26. h4 Rd8 27.
Bc2 Ne6 28. Rxa6 Rd5 29. Bb3 Rxe5 30. Bxe6+ fxe6 31. Kf2 Kb7 32. Ra3 Rd5 33. Ke2
Kb6 34. Re3 e5 35. Re4 c5 36. h5 c4 37. hxg6 hxg6 38. Rg4 Rd6 39. Re4 Rd5 40.
Rg4 Rd6 41. Re4 Rd5 42. Rg4 1/2-1/2